Minding America's business <the> decline and rise of the american economy

Salvato in:
Dettagli Bibliografici
Autore principale: Magaziner, Ira C.
Altri autori: Reich, Robert B.
Natura: Libro
Lingua:inglese
Pubblicazione: New York Vintage Books 1983
Tags: Aggiungi Tag
Nessun Tag, puoi essere il primo ad aggiungerne!!

MARC

LEADER 00000nam a2200000 4500
001 c114734
005 20041019155159.4
041 0 |a eng 
044 |a US 
245 1 0 |a Minding America's business  |b <the> decline and rise of the american economy  |c Ira C. Magaziner, Robert B. Reich 
264 1 |a New York  |b Vintage Books  |c 1983 
300 |a 387 s. 
100 1 |a Magaziner, Ira C. 
700 1 |a Reich, Robert B.